000
00325nam a2200133Ia 4500
008
151001s9999||||xx |||||||||||||| ||und||
100
_a
शरद ओंकार
245
_a
अग्नियुग
250
_a
1
260
_b
अपराजिता
260
_c
2008
300
_a
167
365
_b
21
999
_c
994932
_d
994929